A gourmet’s book of fruit / (Record no. 9426)
[ view plain ]
| 000 -LEADER | |
|---|---|
| fixed length control field | 00620nac a22002051u 4500 |
| 020 ## - INTERNATIONAL STANDARD BOOK NUMBER | |
| International Standard Book Number | 0861014219 : |
| 082 ## - DEWEY DECIMAL CLASSIFICATION NUMBER | |
| Classification number | 641.34 |
| Item number | BAS |
| 090 ## - LOCALLY ASSIGNED LC-TYPE CALL NUMBER (OCLC); LOCAL CALL NUMBER (OCLC) | |
| -- | 9426 |
| -- | 9426 |
| 100 ## - MAIN ENTRY--PERSONAL NAME | |
| Personal name | Bastyra, Judy |
| 245 ## - TITLE STATEMENT | |
| Title | A gourmet’s book of fruit / |
| Statement of responsibility, etc | Judy Bastyra & Julia Canning. |
| 260 ## - PUBLICATION, DISTRIBUTION, ETC. (IMPRINT) | |
| Place of publication, distribution, etc | London : |
| Name of publisher, distributor, etc | Salamander, 1989. |
| Date of publication, distribution, etc | c1989. |
| 300 ## - PHYSICAL DESCRIPTION | |
| Extent | 120p. |
| Other physical details | ill. (some col.), |
| Dimensions | 32 cm. |
| 500 ## - GENERAL NOTE | |
| General note | Includes index. |
| 500 ## - GENERAL NOTE | |
| General note | Distributer: Al-Ahram |
| 511 ## - PARTICIPANT OR PERFORMER NOTE | |
| Participant or performer note | Catalogued by: Sara |
| 650 ## - SUBJECT ADDED ENTRY--TOPICAL TERM | |
| Topical term or geographic name as entry element | Fruit, Frozen. |
| 650 ## - SUBJECT ADDED ENTRY--TOPICAL TERM | |
| Topical term or geographic name as entry element | Food Fruit |
| 700 ## - ADDED ENTRY--PERSONAL NAME | |
| Personal name | Canning, Julia |
| 942 ## - ADDED ENTRY ELEMENTS (KOHA) | |
| Item type | Book - Borrowing |
| Call number prefix | 641.34 BAS |
| Withdrawn status | Item status | Damaged status | Not for loan | Home library | Current library | Shelving location | Date acquired | Source of acquisition | Total Checkouts | Total Renewals | Full call number | Barcode | Date last seen | Date last borrowed | Koha item type |
|---|---|---|---|---|---|---|---|---|---|---|---|---|---|---|---|
| Central Library | Central Library | First floor | 08/05/2011 | Purchase | 1 | 1 | 641.34 BAS | 000011481 | 15/07/2025 | 05/11/2017 | Book - Borrowing |